| 000 | 00762nam a2200205 i 4500 | ||
|---|---|---|---|
| 001 | 175558 | ||
| 003 | ES-MaACL | ||
| 005 | 20250826063040.0 | ||
| 008 | 101108s1969 sp |||| | spa d | ||
| 080 | _a351.83:331.1 | ||
| 100 | 1 |
_aVirgili Jiménez, Juan. _9143854 |
|
| 245 | 1 | 0 |
_aDerechos y deberes del empresario y del trabajador _b: el contrato de trabajo desde su nacimiento hasta su extinción / _cJuan Virgili Giménez. |
| 260 |
_aBarcelona : _bDe Vecchi, _cimp. 1969. |
||
| 300 |
_a229 p. ; _c20 cm. |
||
| 490 | 1 |
_aBiblioteca "La ley para todos" ; _v4 |
|
| 650 | 0 | 4 |
_aContratos de trabajo- _zEspaña _911331 |
| 830 | 0 |
_aBiblioteca "La ley para todos" ; _v4 _9189806 |
|
| 852 |
_aES-MaACL _jE-13447 _xOlim P-1841 |
||
| 999 |
_c175558 _d175558 |
||